000 00423nam a2200181Ia 4500
001 1212
005 20260306140615.0
008 260306t1986||||xx |||||||||||||| ||spa||
041 _aESP
082 _a189.4
_bB68
100 _aBoecio, Severino
_eAUT
245 0 _aLa consolación de la filosofía
260 _c1986
300 _a133 páginas :
_c22 cm.
650 _aGEN
654 _aCHU
942 _cLIB
_dJUS
_fJUS
_2ddc
_n
999 _c1212
_d1212